[Event "Let's Play Chess!"]
[Site "http://www.queenalice.com/game.php?id=544871"]
[Date "2009.2.23"]
[Round "-"]
[White "limenho"]
[Black "youwin"]
[Result "0-1"]
[WhiteElo "2071"]
[BlackElo "1899"]

1. c4 e5 2. Nf3 e4 3. Nd4 Nf6 4. d3 Nc6 5. dxe4 Nxe4 6. Nxc6 bxc6 7. Qd4 Nc5 8.
e4 Ne6 9. Qd3 Bc5 10. Nd2 O-O 11. Nf3 Re8 12. Bd2 Rb8 13. Bc3 Ng5 14. Qd2 Nxe4
0-1

[Event "Let's Play Chess!"]
[Site "http://www.queenalice.com/game.php?id=544875"]
[Date "2009.2.22"]
[Round "-"]
[White "Granger2009"]
[Black "youwin"]
[Result "1-0"]
[WhiteElo "1992"]
[BlackElo "1912"]

1. d4 Nf6 2. Bg5 Ne4 3. Bf4 c5 4. f3 Qa5+ 5. c3 Nf6 6. d5 Qb6 7. Qd2 Nxd5 8.
Qxd5 Qxb2 9. Qb3 Qxa1 10. e4 Nc6 11. Be2 e6 12. Nh3 d5 13. exd5 exd5 14. O-O c4
15. Qc2 Bxh3 16. gxh3 Bc5+ 17. Kg2 d4 18. Bxc4 1-0

[Event "Let's Play Chess!"]
[Site "http://www.queenalice.com/game.php?id=544877"]
[Date "2009.2.23"]
[Round "-"]
[White "youwin"]
[Black "Gambitshark"]
[Result "0-1"]
[WhiteElo "1892"]
[BlackElo "2782"]

1. d4 Nf6 2. c4 g6 3. Nc3 Bg7 4. e4 d6 5. Nf3 O-O 6. Be2 e5 7. d5 a5 8. h3 Na6
9. a3 b6 10. b4 axb4 11. axb4 Bd7 12. Qb3 Nc5 13. Rxa8 Nxb3 14. Rxd8 Rxd8 0-1

[Event "Let's Play Chess!"]
[Site "http://www.queenalice.com/game.php?id=544878"]
[Date "2009.2.22"]
[Round "-"]
[White "youwin"]
[Black "Granger2009"]
[Result "1-0"]
[WhiteElo "1890"]
[BlackElo "1957"]

1. d4 Nf6 2. c4 g6 3. Nc3 d5 4. cxd5 Nxd5 5. e4 Nxc3 6. bxc3 Bg7 7. Bb5+ c6 8.
Ba4 O-O 9. Nf3 Bg4 10. Be3 Nd7 11. Rc1 b5 12. Bb3 a5 13. a4 Rb8 14. h3 Bxf3 15.
Qxf3 b4 16. O-O bxc3 17. Rxc3 c5 18. Rd1 cxd4 19. Bxd4 e5 20. Bc5 Re8 21. Bxf7+
Kh8 22. Qg4 Rb7 23. Rcd3 Qc7 24. Rxd7 Qxc5 25. Rxb7 Rf8 26. Qd7 Qc2 27. Bc4
Qxf2+ 28. Kh1 Bh6 29. Qxh7# 1-0

[Event "Challenge"]
[Site "http://www.queenalice.com/game.php?id=563827"]
[Date "2009.3.30"]
[Round "-"]
[White "capabllanca"]
[Black "youwin"]
[Result "0-1"]
[WhiteElo "2008"]
[BlackElo "1884"]

1. d4 Nf6 2. c4 e6 3. Nc3 Bb4 4. Qc2 O-O 5. e4 c5 6. Nf3 cxd4 7. Nxd4 d5 8. e5
Ng4 9. f4 Bc5 10. Qd1 dxc4 11. Qxg4 Qxd4 12. Qe2 Nc6 13. Bd2 Nb4 14. O-O-O Nd3+
15. Kb1 Nf2 16. Qxc4 Nxh1 17. Qxd4 Bxd4 18. Be1 Be3 19. Ne4 Bxf4 20. Bb4 Bxe5
21. Be2 f5 22. Ng5 Nf2 23. Rf1 Bd4 24. Nf3 Bb6 0-1

[Event "Challenge"]
[Site "http://www.queenalice.com/game.php?id=570855"]
[Date "2009.4.12"]
[Round "-"]
[White "Kingkila"]
[Black "youwin"]
[Result "0-1"]
[WhiteElo "1764"]
[BlackElo "1905"]

1. e4 e6 2. d4 d5 3. e5 c5 4. Nf3 cxd4 5. Qxd4 Bd7 6. Bg5 Be7 7. Nc3 Bxg5 8. h4
Nc6 9. Qd3 Bf4 10. Qe2 Qb8 11. g3 Bxe5 12. Qd2 Nf6 13. O-O-O Bd6 14. Be2 O-O 15.
h5 h6 16. Rdg1 Qd8 17. g4 Bb4 18. Qe3 d4 19. Nxd4 Bc5 20. g5 Bxd4 21. Qf4 hxg5
22. Qxg5 Nh7 23. Qg3 Qf6 24. Rg2 Be5 25. Qe3 Bf4 26. h6 Bxe3+ 27. fxe3 g6 28.
Ne4 Qe5 29. Bf3 Ne7 30. Rh5 f5 31. Nc3 Qxe3+ 32. Kb1 Qxf3 33. Rhh2 Qf1+ 34. Nd1
Qxd1# 0-1

[Event "Challenge"]
[Site "http://www.queenalice.com/game.php?id=572671"]
[Date "2009.4.16"]
[Round "-"]
[White "Enrico"]
[Black "youwin"]
[Result "0-1"]
[WhiteElo "1879"]
[BlackElo "1893"]

1. e4 e6 2. Nf3 d5 3. exd5 exd5 4. Qe2+ Be7 5. d4 Nf6 6. Be3 O-O 7. Nc3 Bb4 8.
Bd2 Re8 9. Ne5 c5 10. O-O-O cxd4 11. Na4 d3 12. cxd3 Qc7+ 13. Kb1 Rxe5 14. Qf3
Bxd2 15. Rxd2 Bg4 16. Qg3 Re1+ 0-1

[Event "Challenge"]
[Site "http://www.queenalice.com/game.php?id=579006"]
[Date "2009.4.27"]
[Round "-"]
[White "coyote78"]
[Black "youwin"]
[Result "0-1"]
[WhiteElo "1891"]
[BlackElo "1867"]

1. e4 e6 2. d4 d5 3. Nc3 Bb4 4. Bd3 dxe4 5. Bxe4 Nf6 6. Bg5 Nbd7 7. Bd3 c5 8.
Ne2 cxd4 9. Nxd4 h6 10. Bd2 Nc5 11. Bb5+ Bd7 12. O-O O-O 13. a3 Bxc3 14. Bxc3 e5
15. Bxd7 exd4 16. Bb4 Nfxd7 17. Qxd4 Qc7 18. f4 Rfd8 19. Bc3 Nf6 20. Qe3 Nd5 21.
Qe5 Qxe5 22. Bxe5 f6 23. Bd4 Ne6 0-1

[Event "Challenge"]
[Site "http://www.queenalice.com/game.php?id=579007"]
[Date "2009.4.27"]
[Round "-"]
[White "youwin"]
[Black "coyote78"]
[Result "1-0"]
[WhiteElo "1835"]
[BlackElo "1916"]

1. d4 d5 2. c4 c6 3. Nf3 Nf6 4. Nc3 h6 5. e3 Bf5 6. cxd5 cxd5 7. Qb3 Qd7 8. Ne5
Qc7 9. e4 Nxe4 10. Bb5+ Nd7 11. Nxe4 O-O-O 12. Bxd7+ Rxd7 13. Nc5 Rd6 14. Nxf7
Rb6 15. Qa4 Rg8 16. Qe8+ Qd8 17. Qxd8# 1-0

[Event "Challenge"]
[Site "http://www.queenalice.com/game.php?id=579450"]
[Date "2009.4.28"]
[Round "-"]
[White "talisman77"]
[Black "youwin"]
[Result "0-1"]
[WhiteElo "1775"]
[BlackElo "1854"]

1. d4 Nf6 2. c4 e6 3. Nc3 Bb4 4. Nf3 c5 5. e3 O-O 6. Be2 d5 7. O-O dxc4 8. Bxc4
Nc6 9. dxc5 Qe7 10. Na4 Bxc5 11. a3 Bd6 12. b4 e5 13. Bb2 e4 14. Nd4 Bxh2+ 15.
Kxh2 Ng4+ 16. Kg3 Qe5+ 17. f4 exf3+ 18. Kxf3 Qxe3# 0-1

[Event "Challenge"]
[Site "http://www.queenalice.com/game.php?id=580446"]
[Date "2009.4.30"]
[Round "-"]
[White "filomenos"]
[Black "youwin"]
[Result "1-0"]
[WhiteElo "1879"]
[BlackElo "1908"]

1. d4 Nf6 2. Nf3 e6 3. g3 d5 4. Bg2 Be7 5. a3 O-O 6. Nc3 b6 7. Bf4 Ba6 8. O-O
Nh5 9. Qd2 Nxf4 10. Qxf4 Nd7 11. Rfe1 c5 12. e4 1-0

[Event "Challenge"]
[Site "http://www.queenalice.com/game.php?id=580447"]
[Date "2009.4.30"]
[Round "-"]
[White "youwin"]
[Black "filomenos"]
[Result "0-1"]
[WhiteElo "1891"]
[BlackElo "1896"]

1. d4 d5 2. c4 g6 3. cxd5 Qxd5 4. Nc3 Qd8 5. Nf3 Bg7 6. e4 Nf6 7. Be2 a6 8. O-O
Nc6 9. d5 Na7 10. e5 Nd7 11. Bf4 O-O 0-1